000 00630nam a2200241Ia 4500
001 dia_3120
003 CHAP
005 20230515140821.0
008 220117s2000 xx 000 0 und d
010 _a173618
040 _cCHAP
082 _a573.8 S5
100 _aSmith, C.U.M.
_9154100
245 _aBiology of Sensory Systems /
_c by C.U.M. Smith
260 _aNew york :
_b John Wiley & Sons,
_c2000
300 _a445 p.
500 _aI.219456
650 _a1.BiologĂ­a
_9154101
901 _a573.8 S5
902 _aM
905 _a0000002000 USAX 0000000000ING00
942 _cLIBRO
_2ddc
999 _c173618
_d173618